Маркшейдерское искусство: составлено по лекциям, читанным студентам IV курса Горного Института 1899/1900 ак. года

Detalles Bibliográficos
Autor Principal: Бауман В. И. Владимир Иванович
Summary:Литограф. изд.
Idioma:ruso
Publicado: Санкт-Петербург, Литография Богданова, 1900
Subjects:
Formato: MixedMaterials Libro
KOHA link:https://koha.lib.tpu.ru/cgi-bin/koha/opac-detail.pl?biblionumber=272164

MARC

LEADER 00000nam0a2200000 4500
001 272164
005 20231101234515.0
035 |a (RuTPU)RU\TPU\book\295369 
090 |a 272164 
100 |a 20141015d1900 u y0rusy50 ca 
101 0 |a rus 
102 |a RU 
105 |a a j 000zy 
200 1 |a Маркшейдерское искусство  |e составлено по лекциям, читанным студентам IV курса Горного Института 1899/1900 ак. года  |f В. И. Бауман 
210 |a Санкт-Петербург  |c Литография Богданова  |d 1900 
215 |a 864 с.  |c 87 табл. 
300 |a Литограф. изд. 
606 1 |a Геодезия в горном деле  |2 stltpush  |3 (RuTPU)RU\TPU\subj\6022  |9 33989 
610 1 |a маркшейдерское дело 
610 1 |a горное дело 
610 1 |a геодезические работы 
610 1 |a коллекция ТПУ 
610 1 |a труды учёных ТПУ 
610 1 |a профессора ТТИ 
675 |a 622.1:528(075.8)  |v 3 
700 1 |a Бауман  |b В. И.  |c ученый-маркшейдер  |c автор основополагающих трудов по маркшейдерскому делу  |c ординарный прфессор ТТИ (1919-1920)  |f 1867-1923  |g Владимир Иванович  |2 stltpush  |3 (RuTPU)RU\TPU\pers\21823  |9 9162 
801 1 |a RU  |b 63413507  |c 20141015 
801 2 |a RU  |b 63413507  |c 20201208  |g RCR 
942 |c BK